LEADER 00571nab a2200145 i 4500 001 000000314991 003 CaOOAMICUS 005 20180831173141.0 008 180831n xx uu u0 0und r 013 $a24080 040 $aSeMil$bita 100 1 $aGiavini, Giovanni,$c.$0(OLS)http://semarc/name/17859 245 10$aAppunti sul culto e sul sacerdozio del Popolo di Dio alla luce della Bibbia. 773 0 $t[Gennaio-Dicembre].$g171-186$w()274269 996 $6245$aAppunti sul culto e sul sacerdozio del Popolo di Dio alla luce della Bibbia$9(OLS)http://semarc/title/389108 LEADER 00579naa a2200145 i 4500 001 000000297566 003 CaOOAMICUS 005 20180831172607.0 008 180831n xx u000 u und u 013 $a5128 040 $aSeMil$bita 100 1 $aBorghi, Marco.$0(OLS)http://semarc/name/53011 245 10$aAlternativitą di modelli familiari :$bdiritto fondamentale all'affettivitą? 773 0 $tFamiglia alle soglie del 3. Millennio.$d[S.l. : s.n.], 1996?]$w()54131 996 $6245$aAlternativitą di modelli familiari :$bdiritto fondamentale all'affettivitą?$9(OLS)http://semarc/title/373597